| 000 | 00638nam a2200205Ia 4500 | ||
|---|---|---|---|
| 008 | 220216s9999 xx 000 0 und d | ||
| 100 | _aKudaligama K V V S | ||
| 245 | 0 | _aEffect of bio-brush medium: A coir fibre based biomass retainer on treatment efficiency of an anaerobic filter type reactor | |
| 260 |
_bJournal of the Rubber Research Institute of Sri Lanka _c2005 |
||
| 300 | _a15-22 | ||
| 650 | _aAnaerobic | ||
| 650 | _aBio-brush | ||
| 650 | _aCoir fibre | ||
| 650 | _aCovered activated ditch | ||
| 650 | _aSpecific surface area | ||
| 650 | _aWastewater | ||
| 700 | _aThurul W M | ||
| 700 | _aYapa P A J | ||
| 942 | _cJS | ||
| 999 |
_c57701 _d57701 |
||